000 00463nam a22001697a 4500
999 _c173256
_d173256
005 20200221102250.0
010 _aA-551013
020 _a817201225X
_c75.00
035 _aA-551013
037 _bBPPD/Pub.
082 _aک
245 _a(عصری ہندستانی کہانیاں (جلد اول
246 _aAsri Hindustani Kahaniyan vol.I
260 _aNew Delhi
_bSahitya Akademy
_c1992 ء
300 _a152p.
_c20cm(Hb)
942 _2ddc
_cUR
_hک
_mع ص ر